「恐竜のせかい」/ (Record no. 10095)
[ view plain ]
| 000 -LEADER | |
|---|---|
| fixed length control field | 00712nam a22001817a 4500 |
| 001 - CONTROL NUMBER | |
| control field | 10095 |
| 003 - CONTROL NUMBER IDENTIFIER | |
| control field | FISKH |
| 005 - DATE AND TIME OF LATEST TRANSACTION | |
| control field | 20260408100127.0 |
| 008 - FIXED-LENGTH DATA ELEMENTS--GENERAL INFORMATION | |
| fixed length control field | 260408b cb ||||| |||| 00| 0 eng d |
| 040 ## - CATALOGING SOURCE | |
| Original cataloging agency | FISKH |
| Language of cataloging | chi |
| Transcribing agency | FISKH |
| Modifying agency | FISKH |
| 082 ## - DEWEY DECIMAL CLASSIFICATION NUMBER | |
| Classification number | 567 |
| 100 ## - MAIN ENTRY--PERSONAL NAME | |
| Personal name | 真鍋 真 |
| 245 ## - TITLE STATEMENT | |
| Title | 「恐竜のせかい」/ |
| Statement of responsibility, etc. | 真鍋 真 |
| 300 ## - PHYSICAL DESCRIPTION | |
| Extent | 14 unnumbered pages : |
| Other physical details | color illustrtions ; |
| Dimensions | 18 cm . |
| 520 ## - SUMMARY, ETC. | |
| Summary, etc. | 《恐龙的世界》由真鍋真主编,是一本恐龙科普书。内容介绍了恐龙的起源、演化、生活习性及灭绝原因,并结合化石研究讲解科学发现。书中图文丰富,适合青少年和对古生物感兴趣的读者。 |
| 942 ## - ADDED ENTRY ELEMENTS (KOHA) | |
| Source of classification or shelving scheme | Dewey Decimal Classification |
| Koha item type | Chinese Book |
| Suppress in OPAC | No |
| Withdrawn status | Lost status | Source of classification or shelving scheme | Damaged status | Not for loan | Collection | Home library | Current library | Shelving location | Date acquired | Total Checkouts | Full call number | Barcode | Date last seen | Price effective from | Koha item type |
|---|---|---|---|---|---|---|---|---|---|---|---|---|---|---|---|
| Dewey Decimal Classification | Reference | Footprints International School Library Network Toul Tom Poung Campus | Footprints International School Library Network Toul Tom Poung Campus | Librarian's Shelf TTP | 04/08/2026 | 真鍋 真 567 | 2026-0466 | 04/08/2026 | 04/08/2026 | Chinese Book |
